Rapport 2000 (Record no. 156768)

MARC details
000 -LEADER
fixed length control field 00758nam a22002057a 4500
005 - DATE AND TIME OF LATEST TRANSACTION
control field 20210705122011.0
008 - FIXED-LENGTH DATA ELEMENTS--GENERAL INFORMATION
fixed length control field 210705b fr ||||| |||| 00| 0 fre d
020 ## - INTERNATIONAL STANDARD BOOK NUMBER
International Standard Book Number 2908830531
050 04 - LIBRARY OF CONGRESS CALL NUMBER
Classification number PN4748.F7
Item number R37 2000
110 2# - MAIN ENTRY--CORPORATE NAME
Corporate name or jurisdiction name as entry element Reporters sans frontières
245 00 - TITLE STATEMENT
Title Rapport 2000
Remainder of title : la liberté de la presse dans le monde
Statement of responsibility, etc Reporters sans frontières
250 ## - EDITION STATEMENT
Edition statement 1a ed.
260 ## - PUBLICATION, DISTRIBUTION, ETC. (IMPRINT)
Place of publication, distribution, etc Montpellier :
Name of publisher, distributor, etc Reporters sans frontières,
Date of publication, distribution, etc 2000
300 ## - PHYSICAL DESCRIPTION
Extent 405 p. ;
Dimensions 21 cm.
490 0# - SERIES STATEMENT
Series statement Avec le soutien de ;
Volume number/sequential designation 23
650 #7 - SUBJECT ADDED ENTRY--TOPICAL TERM
Source of heading or term lemb
Topical term or geographic name as entry element Periodistas - Colecciones de artículo
Geographic subdivision Francia
650 #7 - SUBJECT ADDED ENTRY--TOPICAL TERM
Source of heading or term lemb
Topical term or geographic name as entry element Libertad de prensa - Colecciones de artículo
650 #7 - SUBJECT ADDED ENTRY--TOPICAL TERM
Source of heading or term lemb
Topical term or geographic name as entry element medios de comunicación masiva
General subdivision Censura - Colección de artículo
942 ## - ADDED ENTRY ELEMENTS (KOHA)
Source of classification or shelving scheme Biblioteca del Cogreso de los Estados Unidos
Koha item type Libro
Holdings
Estado de pérdida Fuente de clasificación Estado del daño No para préstamo Ubicación permanente Ubicación actual Apartado o colección Fecha de adquisición Edición Dependencia de educación superior (DES) Área del conocimiento Clasificación Código de Barras Date last seen Número de copia Costo por reposición Tipo de recurso
  Biblioteca del Cogreso de los Estados Unidos     Biblioteca del Posgrado en Derecho Biblioteca del Posgrado en Derecho Colección Ernesto Villanueva 05/07/2021 1a ed. Derecho Educación y Humanidades PN4748.F7 R37 2000 BPD000001768 05/07/2021 1 1.00 Libro